01583nam a2200313 u 4500001000800000005001700008008004100025020001800066035001200084040001300096041000800109082000800117100003900125245003900164250001800203260004100221300001800262520062400280650002800904650003000932650003500962650003100997650003701028650003501065650004301100650005301143700003401196700003901230144829220260508090635.0160817s2015 spa  a9786075197647 a1448292 ccomduadb aspa 4a65810aDaft, Richard L.,d1941-4auteaut10aTeoría y diseño organizacional a11. edición aMéxico :bCengage Learning,c2015. a686 páginas3 aEl autor equilibra ideas innovadoras con las teorías clásicas probadas, y prácticas empresariales eficaces para presentar un corpus completo que se ha convertido en el volumen más vendido sobre el tema. Las páginas del volumen presentan una imagen convincente de las organizaciones contemporáneas y de los conceptos que impulsan a sus lectores y estudiantes al éxito. Reconocido como uno de los textos más sistemáticos y bien organizados en el mercado, el volumen enseña, tanto a futuros como a actuales gerentes, a prepararse a fondo para los retos que enfrentarán en el mundo empresarial actual. aTeoría organizacional aEstructura organizacional 7aCultura organizacional2armarc aDirección administrativa aRelaciones interorganizacionales 7aSolución de conflictos2lemb 7aTecnología de la información2lemb aAdministración de empresas - Estudios de casos10aLópez, Esperanza 4trletrl10aÁlvarez King, Fernando4trletrl